000 00870cam a2200241 a 4500
001 34507
003 BD-RjUL
005 20211209052154.0
008 140517s1959 e 001 0 eng d
035 _aOCLC ocm01316653 from D961120M
_aBD-RjUL)34601
040 _aORL
_cORL
_dOCL
_dUKM
_dEQO
_beng
041 _aeng
082 0 4 _a301
_bSOS 1964
100 1 _aSorokin, Pitirim Aleksandrovich
_d1889-1968.
_9104960
245 1 0 _aSocial and cultural mobility /
_cPitirim A. Sorokin.
260 _aGlencoe [Ill.] :
_bFree Press ;
_aLondon :
_bCollier-Macmillan,
_c1964.
300 _axiii, 645 p. ;
_c21 cm.
490 0 _aFree Press paperback
500 _a"Containing complete reprints of [the author's] Social mobility and chapter V from volume IV of Social and cultural dynamics."
650 0 _aSociology.
_9104961
650 0 _aSocial history.
_9104962
942 _2ddc
_cBK
999 _c34507
_d34507